000 00854cas a22002295a 4500
001 L137268
008 070327c2007 xxk r ws ss 0 a0eng u
035 _a(Sirsi) u137268
041 0 _aeng
110 2 _aCooke and Arkwright
_95148
245 0 0 _aProperty profile
_h[electronic resource]
260 _aLondon
_bCooke and Arkwright
_c2007-
362 0 _a2007-
490 0 _aCooke and Arkwright Property Profile
520 _aReviews current trends in theSouth Wales retail, office and industrial property markets and looks at the economic context.
554 _aAnnual
650 2 4 _aCOOKE AND ARKWRIGHT PROPERTY PROFILE
651 4 _aWales
_y1998-2007
690 _aPROPERTY-COMMERCIAL PROPERTY-COMMERCIAL PROPERTY MARKET
856 4 0 _uhttps://www.coark.com/services/research/
_zView the item free of charge at www.coark.co.uk...
942 _n0
999 _c118896
_d118896